La determinación del Romanticismo Español y otras cosas

-д хадгалсан:
Номзүйн дэлгэрэнгүй
Үндсэн зохиолч: Entrambasaguas, Joaquín de (Зохиогч)
Формат: Ном
Хэл сонгох:испани
Хэвлэсэн: Barcelona Apolo 1939
Цуврал:Colección de Ensayistas Españoles, 2
Нөхцлүүд:
Шошгууд: Шошго нэмэх
Шошго байхгүй, Энэхүү баримтыг шошголох эхний хүн болох!

MARC

LEADER 00000nam a2200000 a 4500
001 UCT7424
003 CL-VaPUC
008 970117e19390000SP |||||||||||||||||spa|d
082 0 4 |a 864  |b ENT  |2 21 
100 0 |a Entrambasaguas, Joaquín de  |e author  |9 378371 
245 1 3 |a La determinación del Romanticismo Español y otras cosas 
300 |a 192 p 
942 |c BK 
945 |d 19970117 00:00:00  |a nastorga 
260 |a Barcelona  |b Apolo  |c 1939 
600 0 7 |a VEGA, LOPE DE  |2 CL-VaPUC  |9 319628 
600 0 |a Shakespeare, William  |9 265757 
650 0 |a Ensayos españoles  |9 313128 
650 0 |a Romanticismo en la literatura  |9 313777 
650 0 |a Crítica e interpretación   |9 255042 
583 |a last modification  |c 19970117 00:00:00  |k Rodrigo Vera 
490 0 |a Colección de Ensayistas Españoles, 2 
999 |c 256048  |d 256046 
952 |0 0  |1 0  |4 0  |6 864_000000000000000_ENT_1939  |7 0  |8 A  |9 278585  |a BIBEDU  |b BIBEDU  |d 2019-11-19  |i 3272389  |o 864 ENT 1939  |p 3272389  |r 2019-11-19  |w 2019-11-19  |y BK  |k LIT